School of violin technics, Op. 1

Αποθηκεύτηκε σε:
Λεπτομέρειες βιβλιογραφικής εγγραφής
Κύριος συγγραφέας: Sevcik, Otakar (Συγγραφέας)
Μορφή: Παρτιτούρα Βιβλίο
Γλώσσα:Αγγλικά
Έκδοση: Nueva York G. Schirmer 1933
Σειρά:Schirmer's Library of Musical Classics, 845
Θέματα:
Ετικέτες: Προσθήκη ετικέτας
Δεν υπάρχουν, Καταχωρήστε ετικέτα πρώτοι!

MARC

LEADER 00000ncm a2200000 a 4500
001 UCN8720
003 CL-VaPUC
005 20250228122902.0
008 011116e19330000US |||||||||||||||||eng|d
999 |c 298480  |d 298478 
040 |c Pontificia Universidad Católica de Valparaíso 
082 0 4 |a Vn787.2193 SEV 1933  |2 21 
100 0 |a Sevcik, Otakar  |e author  |9 465090 
245 1 0 |a School of violin technics, Op. 1 
260 |a Nueva York  |b G. Schirmer  |c 1933 
300 |a v 
490 0 |a Schirmer's Library of Musical Classics, 845 
500 |a v.2: Exercises in the second to seventh positions 
583 |a last modification  |c 20011116 00:00:00  |k Rodrigo Vera 
650 0 |a Violín  |x Técnicas de ejecución  |9 462624 
650 0 |a Violín  |x Estudio y ejercicios  |9 462626 
650 0 |a Violín  |x Estudio e instrucción  |9 462623 
650 0 |a Pedagogía instrumental  |2 CL-VaPUC  |9 324009 
650 0 |a Violín  |x Interpretación  |9 462625 
942 |c BK  |2 ddc 
945 |d 20011116 00:00:00  |a lriquelm 
952 |0 0  |1 0  |2 ddc  |4 0  |6 VN_787_219300000000000_SEV_1933  |7 0  |8 F  |9 354085  |a BIBEDU  |b BIBEDU  |d 2019-11-21  |h v.2  |i 117889K  |o Vn787.2193 SEV 1933  |p 117889K  |r 2023-11-22  |w 2019-11-21  |y PA  |k MUS